Normal view
MARC view
Entry Personal Name
001 - CONTROL NUMBER
- control field: 88672
003 - CONTROL NUMBER IDENTIFIER
- control field: dpl
005 - DATE AND TIME OF LATEST TRANSACTION
- control field: 20260320114454.0
008 - FIXED-LENGTH DATA ELEMENTS
- fixed length control field: 260320|| aca||aabn | a|a d
040 ## - CATALOGING SOURCE
- Original cataloging agency: dpl
- Transcribing agency: dpl
100 ## - HEADING--PERSONAL NAME
- Personal name: Arundhati, Rishi
670 ## - SOURCE DATA FOUND
- Source citation: Work cat.: (dpl)215680: Saraswati, Satyananda 88670, Yoga Education for Children and Youths/, 2024
